| 000 | 00460cam a2200181ua 4500 | ||
|---|---|---|---|
| 001 | 5415 | ||
| 005 | 20260515113859.0 | ||
| 008 | 120901n ii |||gr||||Z||||||eng | ||
| 040 | _cMAIN | ||
| 082 | _a820.954 | ||
| 100 |
_aBose, Amalendu, _eAuthor, |
||
| 245 | 1 | 1 |
_aMichael Madhusudan dutt _cby Amalendu Bose |
| 250 | _a1st. | ||
| 260 |
_anew delhi: _bSahitya akademi, _c1990. |
||
| 300 |
_a76p: _c15cm. |
||
| 653 | _aEnglish literature in english | ||
| 942 | _cBK | ||
| 999 |
_c4592 _d4592 |
||